000 00291nam a2200121Ia 4500
008 191201s2009 xx 000 0 und d
100 _aKUMAR, Arun
245 0 _aAdvertising Management MBA-MM7 SEM-3
260 _aN. delhi
_bVikas Pub
_c2009
300 _a304
650 _aMBA
942 _2ddc
_cBK
999 _c281
_d281